| 000 | 01078cam a2200301 a 4500 | ||
|---|---|---|---|
| 001 | 3628 | ||
| 003 | FISKH | ||
| 005 | 20240329152123.0 | ||
| 008 | 881216s1987 fr fa b 001 0 fre | ||
| 010 | _a 88136760 | ||
| 020 |
_a2221048520 : _c125F |
||
| 040 |
_aDLC _cDLC _dDLC _beng |
||
| 043 | _aa-vt--- | ||
| 050 | 0 | 0 |
_aDS559.9.S24 _bT63 1987 |
| 082 | _a959.704 | ||
| 100 | 1 | _aTodd, Olivier. | |
| 245 | 1 | 0 |
_aCruel avril : _b1975, la chute de Saigon / _cOlivier Todd. |
| 250 | _a2005 | ||
| 260 |
_aParis : _bPerrin, _cc1987. |
||
| 300 |
_a479 pages, 16 pages of plates : _billustrations ; _c25 cm. |
||
| 500 | _aIncludes index. | ||
| 504 | _aBibliography: p. [467]-470. | ||
| 520 | _aA French journalist recounts his experience of the fall of Saigon, taking a close, historical look at the four months leading up to it on human, military, diplomatic, and political levels | ||
| 650 | 0 |
_aVietnam War, 1961-1975 _zVietnam _zHo Chi Minh City. |
|
| 651 | 0 |
_aHo Chi Minh City (Vietnam) _xHistory. |
|
| 906 |
_a7 _bcbc _corignew _d3 _encip _f19 _gy-gencatlg |
||
| 942 |
_2ddc _cBK _n0 |
||
| 999 |
_c3628 _d3628 |
||